Geography Quiz

Random Geography or Blitz Quiz

Capital Begin/End Blitz Quiz Stats

Quiz Updated Jun 14, 2012

Challenge
Share
Tweet
Embed
Score 0/18 Timer 03:00
0 Plays Today
First ... Last Capitals % Correct
A . . . AAbuja, Accra, Apia, ...
78.4%
V . . . AValletta, Victoria, Vienna
71.8%
M . . . AManagua, Manila, Monrovia, ...
65.2%
L . . . ALima, Ljubljana, Luanda, ...
64.9%
M . . . OMaputo, Monaco, Montevideo, ...
61.9%
B . . . A Bogotá, Bratislava, Bujumbura, ...
60.9%
B . . . NBerlin, Belmopan, Bern, ...
58.3%
D . . . ADhaka, Doha, Dodoma
54.4%
B . . . TBeirut, Bucharest, Budapest
54%
First ... Last Capitals % Correct
T . . . ITaipei, Tbilisi, Tripoli
48%
S . . . OSan Marino, Santiago, Sarajevo, ...
46.5%
S . . . ASana'a, Suva, Sofia
41.9%
T . . . ATarawa, Tegucigalpa, Tirana
39.5%
P . . . APodgorica, Pretoria, Praia, ...
38.1%
S . . . ESan Jose, Singapore, Skopje, ...
30.1%
L . . . ELibreville, Lilongwe, Lome
28.1%
B . . . EBasseterre, Belgrade, Brazzaville
27.8%
N . . . AN'Djamena, Nicosia, Nuku'alofa
23.9%

You're not logged in!

Compare scores with friends on all Sporcle quizzes.
Sign Up with Email
OR
Log In

You Might Also Like...

Show Comments

Extras

Top Quizzes Today


Score Distribution

Your Account Isn't Verified!

In order to create a playlist on Sporcle, you need to verify the email address you used during registration. Go to your Sporcle Settings to finish the process.